000 00269nam a22000977a 4500
008 230424b |||||||| |||| 00| 0 eng d
020 _a9781138862364
100 _aHarper Billington Susan
_97669
245 _aIn the Shadow of the Mahatma
260 _aLondon
_bRoutledge
_c2019
999 _c12270
_d12270